Państwa w Ameryce Południowej - nagła śmierć - Statystyki

Ogólne statystyki
  • Ten quiz został rozwiązany 145 razy
  • Średni wynik to 10 z 12
Answers on the Grid
Answers color-coded by a green-red scale on the quiz's grid according to % correct below.
Argentyna
Jamajka
Kanada
Brazylia
Bułgaria
Afganistan
Kolumbia
Chile
Paragwaj
Łotwa
Ekwador
Peru
Urugwaj
Gruzja
Wenezuela
Panama
Etiopia
Gwinea
Dominika
Boliwia
Honduras
Indonezja
Gujana
Australia
Ghana
Surinam
Armenia
Benin
 
Statystyki odpowiedzi
Odpowiedź % Poprawnych
Argentyna
99%
Paragwaj
92%
Brazylia
91%
Urugwaj
90%
Chile
88%
Peru
88%
Wenezuela
88%
Ekwador
86%
Kolumbia
86%
Surinam
76%
Boliwia
74%
Gujana
68%
Nie znaleziono quizów pasujących do podanych kryteriów
Rozkład punktacji
Procent ludzi z każdym wynikiem
Percentyl według liczby udzielonych odpowiedzi
Twoja historia wyników
Nie rozwiązałeś tego quizu